000 00937nam0a22002651 4500
001 rc\4307567
005 20250612043819.0
021 _aRU
_b[67-80864]
035 _a(NLR Aleph) 008506135
090 _a8139875
_c8139875
100 _a20130416d1967 |||y0rusy50 ca
101 0 _arus
102 _aRU
105 _aa z |||||
200 1 _aГемоспоридиозы крупного рогатого скота в Киргизии и меры борьбы с ними
210 _aФрунзе
_cКыргызстан
_d1967
215 _a64 с., 1 л. табл.
_cил.
_d17
606 _aГемоспоридиозы крупного рогатого скота
_2psbo
700 1 _aВечеркин
_bС.С.
_gСергей Семенович
701 1 _aЕсиков
_bВ.И.
_gВалентин Иванович
801 0 _aRU
_bNLR
_gpsbo
801 1 _aRU
_bELAR
_2rusmarc
852 _aNLR
_j67-2/2826
942 _cBOOK
980 _aNB